000 00483nam a2200169 a 4500
001 1118
003 CO-ViMGA
008 141112s2004 ck r 000 u spa d
040 _aCO-ViMGA
_bspa
_cCO-ViMGA
082 0 4 _a515 M624
100 1 _aMochón, Simón
_949194
245 1 0 _aQuiero entender el cálculo :
_bun enfoque diferente basado en conceptos y aplicaciones
260 _aMexico :
_bIberoAmérica,
_c1994
300 _a368 p : il
650 1 4 _aCALCULO
_9470
942 _2ddc
_cBK
999 _c13341
_d13341